Grundfragen der sozialistischen Preistheorie

Titel: Grundfragen der sozialistischen Preistheorie / [Autoren: Kurt Ambrée ...]
Beteiligt:
Veröffentlicht: Berlin : Verl. Die Wirtschaft, 1977
Umfang: 303 S.
Format: Buch
Sprache: Deutsch
RVK-Notation:
Schlagworte:
Kein Bild verfügbar
X
Lokale Klassifikation: 31 13 G
alg: 4586199
001A    $00004:18-01-96 
001B    $01999:28-04-23 $t22:21:33.000 
001C    $03004:04-05-06 $t13:14:46.000 
001D    $09999:99-99-99 
001U    $0utf8 
001X    $00 
002@    $0Aay 
003@    $0045861994 
003O    $006005014 $aOCoLC 
006G    $0770403166 
006U    $077,A42,0086 
007A    $0045861994 $aHEB 
010@    $ager 
011@    $a1977 
013H    $0z 
021A    $aGrundfragen der sozialistischen Preistheorie $h[Autoren: Kurt Ambrée ...] 
028C    $7 $8Ambrée, Kurt [Tnd] $9141143304 
033A    $pBerlin $nVerl. Die Wirtschaft 
034D    $a303 S. 
044F    $aPreisbildung 
044F    $aRat für Gegenseitige Wirtschaftshilfe 
044F    $bOstblockstaaten 
044F    $aPreispolitik  
044K    $RPreisbildung $RGleichgewichtstheorie $#Prices $#Prix $#Preistheorie $#Preistheorie $#Preis Theorie $74115623-7 $8Preistheorie [Ts1] $9085350206 
044K    $RGesellschaftsordnung $RKommunismus $RSozialistische Bewegung $RSozialist $#Socialism $#Socialisme $#socialism $#Sozialismus $#Sozialismus $#Sozialismus $#Sozialistisches System/Sozialistische Gesellschaft $#Sozialistisches Gesellschaftssystem $74055785-6 $8Sozialismus [Ts1] $9085155357 
045E    $b05a 
045F    $a330.0947 $eDDC23BSB 
045F/01 $a330.09 
045F/03 $g47 
045F/03 $g437 
045Z    $8QC 130 [Tkv] $9411124412 
045Z    $8QC 100 [Tkv] $9411124374 

lok: 4586199 3
101B    $012-12-18 $t12:49:46.000 
101C    $012-12-18 
101U    $0utf8 
145S/01 $a008 

exp: 4586199 3 1 #EPN
201B/01 $017-12-18 $t17:14:48.000 
201C/01 $012-12-18 
201U/01 $0utf8 
203@/01 $01036594564 
208@/01 $a12-12-18 $bzFa 
209A/01 $a05/QC 100 A495  $du $f034 $h05 QC 100 A495  $x00 
209B/01 $a7000 $x05 
209G/01 $a2006757775 $x00 
247C/01 $8601034-9 <30/34>Frankfurt, Universitätsbibliothek J. C. Senckenberg, Bibliothek Recht und Wirtschaft (BRuW) $9102598444 

lok: 4586199 24
101B    $004-05-06 $t13:14:46.000 
101C    $004-05-06 
145Z/01 $a31 13 G 
101U    $0utf8 

exp: 4586199 24 1 #EPN
201B/01 $004-05-06 $t13:14:46.000 
201C/01 $004-05-06 
203@/01 $0390969591 
208@/01 $a04-05-06 $br 
209A/01 $a31 XIII G 29 $du $f050 $h31 13 G 29 $x00 
209C/01 $aK 78.3593 $h78 3593 K 
209G/01 $a71376044 $x00 
220C/01 $ahar 
247C/01 $8358050-7 Marburg, Bibliothek des Herder-Instituts Marburg $9102600961 
201U/01 $0utf8 

lok: 4586199 204

exp: 4586199 204 1 #EPN
201B/01 $011-11-10 $t11:31:23.000 
201C/01 $028-06-10 
201U/01 $0utf8 
203@/01 $0595433073 
208@/01 $a28-06-10 $brUB 
209A/01 $a064 W D 77/2070 $du $f000 $h064 w d 77 2070 $x00 
247C/01 $8631000-x <26>Gießen, Universität Gießen, Universitätsbibliothek Gießen $9102596697 

lok: 4586199 205

exp: 4586199 205 1 #EPN
201B/01 $003-03-21 $t11:59:49.000 
201C/01 $018-01-96 
201U/01 $0utf8 
203@/01 $0100350771 
208@/01 $a18-01-96 $bz 
209A/01 $a080 GEO DC 000 dc 028 $du $f000 $x00 
209C/01 $a(170) C 32 375 $hC 32 375 
209G/01 $a57111534 $x00 
247C/01 $8351000-1 <4>Marburg, Universität Marburg, Universitätsbibliothek $9102594767 

exp: 4586199 205 2 #EPN
201B/02 $010-12-25 $t22:30:40.000 
201C/02 $005-08-98 
201U/02 $0utf8 
203@/02 $0123421411 
208@/02 $a05-08-98 $br 
209A/02 $a030 FVL D 6/380 $du $f000 $x00 
209B/02 $a97 $x05 
209C/02 $a13019 
220C/02 $afod 
247C/02 $8351000-1 <4>Marburg, Universität Marburg, Universitätsbibliothek $9102594767 

exp: 4586199 205 3 #EPN
201B/03 $010-12-25 $t22:30:40.000 
201C/03 $029-02-96 
201U/03 $0utf8 
203@/03 $010106456X 
208@/03 $a29-02-96 $br 
209A/03 $aC 200 G 2 $db $f331 $x00 
209B/03 $a97 $x05 
209C/03 $a64259 
209G/03 $a40167501 $x00 
209G/03 $aMagazin $x01 
245Z/03 $aBW C 200 $x01 
247C/03 $8351331-2 <4/331>Marburg, Universität Marburg, Bibliothek Wirtschaftswissenschaften (BW) $9102595208
LEADER 00000cam a22000002c 4500
001 045861994
003 DE-603
005 20230428222133.0
007 tu
008 960118s1977 xx |||| | u00||u|ger
015 |a 77,A42,0086  |2 dnb 
016 7 |2 DE-101  |a 770403166 
035 |a (DE-599)HEB045861994 
035 |a (OCoLC)06005014 
040 |a DE-603  |b ger  |c DE-603  |d DE-603 
041 |a ger 
082 0 4 |8 1\u  |a 330.0947  |q DE-101  |2 23/BSB 
084 |a 05a  |q DE-101  |2 sdnb 
084 |a QC 130  |0 (DE-625)141248:  |0 (DE-603)411124412  |2 rvk 
084 |a QC 100  |0 (DE-625)141244:  |0 (DE-603)411124374  |2 rvk 
085 |8 1\u  |b 330.09 
085 |8 1\u  |z 2  |s 47 
085 |8 1\u  |z 2  |s 437 
245 0 0 |a Grundfragen der sozialistischen Preistheorie  |c [Autoren: Kurt Ambrée ...] 
264 1 |a Berlin  |b Verl. Die Wirtschaft  |c 1977 
300 |a 303 S. 
650 7 |a Preistheorie  |0 (DE-588)4115623-7  |0 (DE-603)085350206  |2 gnd 
650 7 |a Sozialismus  |0 (DE-588)4055785-6  |0 (DE-603)085155357  |2 gnd 
650 7 |a Preisbildung  |2 local 
650 7 |a Rat für Gegenseitige Wirtschaftshilfe  |2 local 
650 7 |a Preispolitik <Öffentl. Hand>  |2 local 
651 7 |a Ostblockstaaten  |2 local 
700 1 |a Ambrée, Kurt  |0 (DE-603)141143304 
924 0 |9 30/34  |a (DE-603)1036594564  |b DE-30-34  |c HES  |d d  |g 05/QC 100 A495  
924 0 |9 Mb 50  |a (DE-603)390969591  |b DE-Mb50  |c HES  |d c  |g 31 XIII G 29 
924 0 |9 26  |a (DE-603)595433073  |b DE-26  |c HES  |d c  |g 064 W D 77/2070 
924 0 |9 4  |a (DE-603)100350771  |b DE-4  |c HES  |d c  |g 080 GEO DC 000 dc 028 
924 0 |9 4  |a (DE-603)123421411  |b DE-4  |c HES  |d c  |g 030 FVL D 6/380 
924 0 |9 4/331  |a (DE-603)10106456X  |b DE-4-331  |c HES  |d c  |g C 200 G 2  |h Magazin